<?xml version="1.0" encoding="UTF-8"?>
<record
    xmlns:xsi="http://www.w3.org/2001/XMLSchema-instance"
    xsi:schemaLocation="http://www.loc.gov/MARC21/slim http://www.loc.gov/standards/marcxml/schema/MARC21slim.xsd"
    xmlns="http://www.loc.gov/MARC21/slim">

  <leader>00416nam a22001697a 4500</leader>
  <controlfield tag="003">OSt</controlfield>
  <controlfield tag="008">220215b           ||||| |||| 00| 0 eng d</controlfield>
  <datafield tag="020" ind1=" " ind2=" ">
    <subfield code="a">9788120352889</subfield>
  </datafield>
  <datafield tag="082" ind1=" " ind2=" ">
    <subfield code="a">005.36 MAD</subfield>
  </datafield>
  <datafield tag="100" ind1=" " ind2=" ">
    <subfield code="a">MANOHAR,Hansa Lysander</subfield>
  </datafield>
  <datafield tag="245" ind1=" " ind2=" ">
    <subfield code="a">Data Analysis and Business Modelling using Microsoft Excel</subfield>
  </datafield>
  <datafield tag="250" ind1=" " ind2=" ">
    <subfield code="a">1st</subfield>
  </datafield>
  <datafield tag="260" ind1=" " ind2=" ">
    <subfield code="a">New Delhi</subfield>
    <subfield code="b">PHI</subfield>
    <subfield code="c">2017</subfield>
  </datafield>
  <datafield tag="300" ind1=" " ind2=" ">
    <subfield code="a">367</subfield>
  </datafield>
  <datafield tag="650" ind1=" " ind2=" ">
    <subfield code="a">MBA</subfield>
  </datafield>
  <datafield tag="942" ind1=" " ind2=" ">
    <subfield code="2">ddc</subfield>
    <subfield code="c">BK</subfield>
  </datafield>
  <datafield tag="999" ind1=" " ind2=" ">
    <subfield code="c">11087</subfield>
    <subfield code="d">11087</subfield>
  </datafield>
  <datafield tag="952" ind1=" " ind2=" ">
    <subfield code="0">0</subfield>
    <subfield code="1">0</subfield>
    <subfield code="2">ddc</subfield>
    <subfield code="4">0</subfield>
    <subfield code="7">0</subfield>
    <subfield code="8">MBA</subfield>
    <subfield code="a">PIET</subfield>
    <subfield code="b">PIET</subfield>
    <subfield code="d">2022-01-11</subfield>
    <subfield code="e">Kirti Praskshan</subfield>
    <subfield code="f">IN Rupees</subfield>
    <subfield code="g">450.00</subfield>
    <subfield code="k">IN3270</subfield>
    <subfield code="l">1</subfield>
    <subfield code="o">005.36 MAD</subfield>
    <subfield code="p">33446</subfield>
    <subfield code="r">2022-05-20 00:00:00</subfield>
    <subfield code="s">2022-05-06</subfield>
    <subfield code="v">306.00</subfield>
    <subfield code="w">2022-01-11</subfield>
    <subfield code="y">BK</subfield>
  </datafield>
  <datafield tag="952" ind1=" " ind2=" ">
    <subfield code="0">0</subfield>
    <subfield code="1">0</subfield>
    <subfield code="2">ddc</subfield>
    <subfield code="4">0</subfield>
    <subfield code="7">0</subfield>
    <subfield code="8">MBA</subfield>
    <subfield code="a">PIET</subfield>
    <subfield code="b">PIET</subfield>
    <subfield code="d">2022-01-11</subfield>
    <subfield code="e">Kirti Praskshan</subfield>
    <subfield code="f">IN Rupees</subfield>
    <subfield code="g">450.00</subfield>
    <subfield code="k">IN3270</subfield>
    <subfield code="l">3</subfield>
    <subfield code="o">005.36 MAD</subfield>
    <subfield code="p">33447</subfield>
    <subfield code="r">2023-03-13 00:00:00</subfield>
    <subfield code="s">2023-02-28</subfield>
    <subfield code="v">306.00</subfield>
    <subfield code="w">2022-01-11</subfield>
    <subfield code="y">BK</subfield>
  </datafield>
  <datafield tag="952" ind1=" " ind2=" ">
    <subfield code="0">0</subfield>
    <subfield code="1">0</subfield>
    <subfield code="2">ddc</subfield>
    <subfield code="4">0</subfield>
    <subfield code="7">0</subfield>
    <subfield code="8">MBA</subfield>
    <subfield code="a">PIET</subfield>
    <subfield code="b">PIET</subfield>
    <subfield code="d">2022-01-11</subfield>
    <subfield code="e">Kirti Praskshan</subfield>
    <subfield code="f">IN Rupees</subfield>
    <subfield code="g">450.00</subfield>
    <subfield code="k">IN3270</subfield>
    <subfield code="l">6</subfield>
    <subfield code="o">005.36 MAD</subfield>
    <subfield code="p">33448</subfield>
    <subfield code="r">2025-11-04 00:00:00</subfield>
    <subfield code="s">2025-10-31</subfield>
    <subfield code="v">306.00</subfield>
    <subfield code="w">2022-01-11</subfield>
    <subfield code="y">BK</subfield>
  </datafield>
  <datafield tag="952" ind1=" " ind2=" ">
    <subfield code="0">0</subfield>
    <subfield code="1">0</subfield>
    <subfield code="2">ddc</subfield>
    <subfield code="4">0</subfield>
    <subfield code="7">0</subfield>
    <subfield code="8">MBA</subfield>
    <subfield code="a">PIET</subfield>
    <subfield code="b">PIET</subfield>
    <subfield code="d">2022-01-11</subfield>
    <subfield code="e">Kirti Praskshan</subfield>
    <subfield code="f">IN Rupees</subfield>
    <subfield code="g">450.00</subfield>
    <subfield code="k">IN3270</subfield>
    <subfield code="l">0</subfield>
    <subfield code="o">005.36 MAD</subfield>
    <subfield code="p">33449</subfield>
    <subfield code="r">2022-02-15 00:00:00</subfield>
    <subfield code="v">306.00</subfield>
    <subfield code="w">2022-01-11</subfield>
    <subfield code="y">BK</subfield>
  </datafield>
  <datafield tag="952" ind1=" " ind2=" ">
    <subfield code="0">0</subfield>
    <subfield code="1">0</subfield>
    <subfield code="2">ddc</subfield>
    <subfield code="4">0</subfield>
    <subfield code="7">0</subfield>
    <subfield code="8">MBA</subfield>
    <subfield code="a">PIET</subfield>
    <subfield code="b">PIET</subfield>
    <subfield code="d">2022-01-11</subfield>
    <subfield code="e">Kirti Praskshan</subfield>
    <subfield code="f">IN Rupees</subfield>
    <subfield code="g">450.00</subfield>
    <subfield code="k">IN3270</subfield>
    <subfield code="l">0</subfield>
    <subfield code="o">005.36 MAD</subfield>
    <subfield code="p">33450</subfield>
    <subfield code="r">2022-02-15 00:00:00</subfield>
    <subfield code="v">306.00</subfield>
    <subfield code="w">2022-01-11</subfield>
    <subfield code="y">BK</subfield>
  </datafield>
  <datafield tag="952" ind1=" " ind2=" ">
    <subfield code="0">0</subfield>
    <subfield code="1">0</subfield>
    <subfield code="2">ddc</subfield>
    <subfield code="4">0</subfield>
    <subfield code="7">0</subfield>
    <subfield code="8">MBA</subfield>
    <subfield code="a">PIET</subfield>
    <subfield code="b">PIET</subfield>
    <subfield code="d">2022-01-11</subfield>
    <subfield code="e">Kirti Praskshan</subfield>
    <subfield code="f">IN Rupees</subfield>
    <subfield code="g">450.00</subfield>
    <subfield code="k">IN3270</subfield>
    <subfield code="l">0</subfield>
    <subfield code="o">005.36 MAD</subfield>
    <subfield code="p">33451</subfield>
    <subfield code="r">2022-02-15 00:00:00</subfield>
    <subfield code="v">306.00</subfield>
    <subfield code="w">2022-01-11</subfield>
    <subfield code="y">BK</subfield>
  </datafield>
  <datafield tag="952" ind1=" " ind2=" ">
    <subfield code="0">0</subfield>
    <subfield code="1">0</subfield>
    <subfield code="2">ddc</subfield>
    <subfield code="4">0</subfield>
    <subfield code="7">0</subfield>
    <subfield code="8">MBA</subfield>
    <subfield code="a">PIET</subfield>
    <subfield code="b">PIET</subfield>
    <subfield code="d">2022-01-11</subfield>
    <subfield code="e">Kirti Praskshan</subfield>
    <subfield code="f">IN Rupees</subfield>
    <subfield code="g">450.00</subfield>
    <subfield code="k">IN3270</subfield>
    <subfield code="l">2</subfield>
    <subfield code="o">005.36 MAD</subfield>
    <subfield code="p">33452</subfield>
    <subfield code="r">2022-11-22 00:00:00</subfield>
    <subfield code="s">2022-11-04</subfield>
    <subfield code="v">306.00</subfield>
    <subfield code="w">2022-01-11</subfield>
    <subfield code="y">BK</subfield>
  </datafield>
  <datafield tag="952" ind1=" " ind2=" ">
    <subfield code="0">0</subfield>
    <subfield code="1">0</subfield>
    <subfield code="2">ddc</subfield>
    <subfield code="4">0</subfield>
    <subfield code="7">0</subfield>
    <subfield code="8">MBA</subfield>
    <subfield code="a">PIET</subfield>
    <subfield code="b">PIET</subfield>
    <subfield code="d">2022-01-11</subfield>
    <subfield code="e">Kirti Praskshan</subfield>
    <subfield code="f">IN Rupees</subfield>
    <subfield code="g">450.00</subfield>
    <subfield code="k">IN3270</subfield>
    <subfield code="l">1</subfield>
    <subfield code="o">005.36 MAD</subfield>
    <subfield code="p">33453</subfield>
    <subfield code="r">2023-02-27 00:00:00</subfield>
    <subfield code="s">2023-02-08</subfield>
    <subfield code="v">306.00</subfield>
    <subfield code="w">2022-01-11</subfield>
    <subfield code="y">BK</subfield>
  </datafield>
  <datafield tag="952" ind1=" " ind2=" ">
    <subfield code="0">0</subfield>
    <subfield code="1">0</subfield>
    <subfield code="2">ddc</subfield>
    <subfield code="4">0</subfield>
    <subfield code="7">0</subfield>
    <subfield code="8">MBA</subfield>
    <subfield code="a">PIET</subfield>
    <subfield code="b">PIET</subfield>
    <subfield code="d">2022-01-11</subfield>
    <subfield code="e">Kirti Praskshan</subfield>
    <subfield code="f">IN Rupees</subfield>
    <subfield code="g">450.00</subfield>
    <subfield code="k">IN3270</subfield>
    <subfield code="l">2</subfield>
    <subfield code="o">005.36 MAD</subfield>
    <subfield code="p">33454</subfield>
    <subfield code="r">2023-02-27 00:00:00</subfield>
    <subfield code="s">2023-02-13</subfield>
    <subfield code="v">306.00</subfield>
    <subfield code="w">2022-01-11</subfield>
    <subfield code="y">BK</subfield>
  </datafield>
  <datafield tag="952" ind1=" " ind2=" ">
    <subfield code="0">0</subfield>
    <subfield code="1">0</subfield>
    <subfield code="2">ddc</subfield>
    <subfield code="4">0</subfield>
    <subfield code="7">0</subfield>
    <subfield code="8">MBA</subfield>
    <subfield code="a">PIET</subfield>
    <subfield code="b">PIET</subfield>
    <subfield code="d">2022-01-11</subfield>
    <subfield code="e">Kirti Praskshan</subfield>
    <subfield code="f">IN Rupees</subfield>
    <subfield code="g">450.00</subfield>
    <subfield code="k">IN3270</subfield>
    <subfield code="l">1</subfield>
    <subfield code="o">005.36 MAD</subfield>
    <subfield code="p">33455</subfield>
    <subfield code="r">2023-03-15 00:00:00</subfield>
    <subfield code="s">2023-02-27</subfield>
    <subfield code="v">306.00</subfield>
    <subfield code="w">2022-01-11</subfield>
    <subfield code="y">BK</subfield>
  </datafield>
</record>
